| 000 | 01130nam0a22002531 4500 | ||
|---|---|---|---|
| 001 | rc\1128720 | ||
| 005 | 20041126174557.9 | ||
| 035 | _a(NLR Aleph) 006370658 | ||
| 090 |
_a4993025 _c4993025 |
||
| 100 | _a20041126d1981 u |0rusy50 ca | ||
| 101 | 0 | _arus | |
| 102 | _aRU | ||
| 105 | _aa ||||||||| | ||
| 200 | 1 |
_aВременное методическое руководство по анализу технологических и сточных вод предприятий черной металлургии _eОбязат. для всех предприятий и орг. М-ва _fМ-во чер. металлургии СССР. Упр. энерг. служб и орг. Черметэнерго _g[Выполн. инж. Б.С. Горелик] |
|
| 210 |
_aМ. _cМеталлургия _d1981 |
||
| 215 |
_a168 с. _cил. _d21 |
||
| 320 | _aБиблиогр.: с. 168 | ||
| 702 | 1 |
_aГорелик _bБ. С. _4570 |
|
| 712 | 0 | 1 |
_aСССР _bМ-во черной металлургии _3RU\NLR\AUTH\889938455 |
| 801 | 0 |
_aRU _bNLR _gpsbo |
|
| 801 | 1 |
_aRU _bELAR _2rusmarc |
|
| 852 |
_aNLR _j81-5/6420 |
||
| 942 | _cBOOK | ||
| 980 | _aNB | ||